Science Quiz

Random Science Quiz

Felis Brain Quiz Stats

 Plays Quiz not verified by Sporcle

Also try: Mammals of Africa
Challenge
Share
Tweet
Score 0/27 Timer 10:00
0 Plays Today
Number Name % Correct
10Restiform body
90.3%
15Thalamus
90.3%
14Third ventricle
89%
8 (a)Restiform body
87.7%
17Trochlear
87.1%
18Trigeminal
87.1%
16Median sulcus
86.5%
24Cerebellar peduncle
86.5%
3Superior colliculus
85.8%
20Dorsal median sulcus
85.2%
2Pineal body
84.5%
9Acoustic area
84.5%
19Fourth ventricle
84.5%
6 (b)Superior cerebellar peduncle
83.2%
Number Name % Correct
7 (b)Middle cerebellar peduncle
83.2%
7 (a)Brachium pontis
82.6%
8 (b)Inferior cerebellar peduncle
82.6%
5Inferior colliculus
81.9%
4Medullary velum
80%
6 (a)Brachium conjunctivum
80%
13Dorsal lateral sulcus
77.4%
1Habenular trigone
76.1%
21Dorsal intermediate sulcus
74.8%
11Gracile tubercle
70.3%
22Fasciculus gracilis
69.7%
12Cuneate tubercle
68.4%
23Fasciculus cuneatus
68.4%

You're not logged in!

Compare scores with friends on all Sporcle quizzes.
OR
Log In

You Might Also Like...

Show Comments

Extras

Created Dec 8, 2012ReportNominate
Tags:brain, felt

Top Quizzes Today


Score Distribution

Your Account Isn't Verified!

In order to create a playlist on Sporcle, you need to verify the email address you used during registration. Go to your Sporcle Settings to finish the process.

Report this User

Report this user for behavior that violates our Community Guidelines.

Details: